LDR 00895naa#a2200169#i#450# 001 RU\\bibl\19505 005 20260516055032.6 100 ## _a20260515b2026####ek#y0rusy0150####ca 102 ## _aRU 200 1# _aОБРАЗОВАНИЕ В УСЛОВИЯХ ГЛОБАЛЬНЫХ ИЗМЕНЕНИЙ: КЛИМАТИЧЕСКИЕ И СОЦИАЛЬНЫЕ ВЫЗОВЫ _eСтатья/тезисы конференции 210 1# _aВоронеж _cВоронежский государственный лесотехнический университет имени Г.Ф. Морозова _d2026 215 ## _a8 с. 608 ## _aСтатья/тезисы конференции _2local 675 ## _aДидактические принципы. 37.026 _aЭкология человека и окружающая среда. 504.75 _z 700 #1 _aЗотова _gП. В. 700 #1 _aСелина _gВ. Д. 856 4# _abibl.vgltu.ru _u